| 000 | 00692nam a2200217 a 4500 | ||
|---|---|---|---|
| 005 | 20220604063738.0 | ||
| 008 | 171026s2016 mx r 000 0 spa d | ||
| 020 | _a9786078507511 | ||
| 035 | _aUPN01000221346 | ||
| 049 | _aCG | ||
| 050 | 4 |
_aJL1211 _bD4.6 |
|
| 245 | 0 | 0 |
_aDerecho procesal constitucional / _ccoord. Armando Soto Flores. |
| 260 |
_aMéxico : _bSecretaría de Gobernación : _bINEHRM, _c2016. |
||
| 300 | _a318 p. | ||
| 440 | 0 |
_aBiblioteca constitucional. _pEstudios constitucionales |
|
| 651 | 4 |
_aMéxico _xHistoria constitucional _94597 |
|
| 650 | 4 |
_aDERECHO PROCESAL - _zMEXICO _911735 |
|
| 700 | 1 |
_aSoto Flores, Armando, _ecoord. |
|
| 905 | _aLibro | ||
| 999 |
_c193443 _d193443 |
||